ANÉMIE V TROPICKÝCH A SUBTROPICKÝCH OBLASTIACH

Bibliographic Details
Main Author: Fábryová, Viera, 1951- (Author)
Format: Article
Language:Slovak

MARC

LEADER 00000nab a2200000ua 4500
001 vtls010747860
003 SK-MaSNL
005 20260304201911.0
008 250718s2010 xo |||||||||||||||||slo|
035 |a (urnnbn)urn:nbn:sk:snk:ar-a05qc5 
035 |a (uuid)4c95a5a1-f6d7-4466-b7d3-d4a85473f73a 
035 |a urn:nbn:sk:snk-ab4up5 
040 |a SNKBUCL  |b slo  |c SNKBUCL  |e AACR2 
041 0 |a slo 
044 |a xo  |c SK 
100 1 |a Fábryová, Viera,  |d 1951-  |4 aut  |9 107034 
245 1 0 |a ANÉMIE V TROPICKÝCH A SUBTROPICKÝCH OBLASTIACH  |c Viera Fábryová 
246 3 |a ANAEMIA IN TROPICAL AND SUBTROPICAL REGIONS 
773 0 |t Interná medicína  |g Roč. 10, č. 12 (2010), s. 584-588 
850 |a Slovenská národná knižnica 
852 |a Slovenská národná knižnica 
954 |a odborná, vedecká literatúra pôvodná (slovenská)  |2 lita 
958 |a article3 
958 |a OND 
958 |a EUIPO 
999 |c 3099021  |d 3100951